| 000 | 00489cam a22001217a 4500 | ||
|---|---|---|---|
| 008 | 180718b1973 xxu||||| |||| 00| 0 eng d | ||
| 082 | _aC4x42 Un3/RP/4 | ||
| 100 | _aRiddley, F.F. | ||
| 245 |
_aCommission on the Constitution: research papers 4, the French Prefectoral System: an example of Integrated Administrative Decentralisation _cby F.F. Riddley |
||
| 260 |
_aLondon _bHer Majesty's Stationery Office _c1973 |
||
| 300 | _a44+p. | ||
| 700 | _aUnited Kingdom. Commission on the Constitution | ||
| 999 |
_c490019 _d490019 |
||